Principles of Management 7th Ed. (Record no. 21479)
[ view plain ]
| 000 -LEADER | |
|---|---|
| fixed length control field | 00342nam a22001337a 4500 |
| 008 - FIXED-LENGTH DATA ELEMENTS--GENERAL INFORMATION | |
| fixed length control field | 250911b |||||||| |||| 00| 0 eng d |
| 020 ## - INTERNATIONAL STANDARD BOOK NUMBER | |
| ISBN | 978-93-5460-063-0 |
| 100 ## - MAIN ENTRY--AUTHOR NAME | |
| Personal name | P.C. Tripathi & P. N. Reddy |
| 245 ## - TITLE STATEMENT | |
| Title | Principles of Management 7th Ed. |
| 250 ## - EDITION STATEMENT | |
| Edition statement | 7th |
| 260 ## - PUBLICATION, DISTRIBUTION, ETC. (IMPRINT) | |
| Place of publication | Chennai |
| Name of publisher | McGraw Hill |
| Year of publication | 2024 |
| 300 ## - PHYSICAL DESCRIPTION | |
| Number of Pages | 474 |
| 942 ## - ADDED ENTRY ELEMENTS (KOHA) | |
| Source of classification or shelving scheme | Dewey Decimal Classification |
| Koha item type | Books |
| Accession Number | Cost, normal purchase price | Bill Date | Source of acquisition | Price effective from | Koha item type | Withdrawn / writtenoff status | Damaged status | Not for loan | Permanent Location | Current Location | Shelving location | Date acquired | Lost/ Missing status | department |
|---|---|---|---|---|---|---|---|---|---|---|---|---|---|---|
| MBA 5232 | 850.00 | 08-09-2025 | ABD Publisher | 09/11/2025 | Books | Not For Loan | MIET Library, Jammu | MIET Library, Jammu | 140/2 | 09/08/2025 | MBA | |||
| MBA 5233 | 850.00 | 08-09-2025 | ABD Publisher | 09/11/2025 | Books | MIET Library, Jammu | MIET Library, Jammu | 43/1 | 09/08/2025 | MBA | ||||
| MBA 5234 | 850.00 | 08-09-2025 | ABD Publisher | 09/11/2025 | Books | MIET Library, Jammu | MIET Library, Jammu | 43/1 | 09/08/2025 | MBA | ||||
| MBA 5235 | 850.00 | 08-09-2025 | ABD Publisher | 09/11/2025 | Books | MIET Library, Jammu | MIET Library, Jammu | 43/1 | 09/08/2025 | MBA | ||||
| MBA 5236 | 850.00 | 08-09-2025 | ABD Publisher | 09/11/2025 | Books | MIET Library, Jammu | MIET Library, Jammu | 43/1 | 09/08/2025 | MBA |